1289 1583 1971 1324 1282 1428 1714 1652 1639 1276 1437 1211 1683 1729 1583 1900 1685 1931 1971 1713 1908 1592 1241 1955 1723 1159 1324 1787 1956 1993 1473 1409 1374 1814 1594 1599 1668 1123 1435 1790 1308 1318 1319 1640 1621 1812 1525 1252 1561 1244 1592 1656 1033 1168 1857 1627 1907 1798 1049 1499 1070 1765 1532 1494 1082 1247 1581 1935 1683 1082 1061 1705 1654 1193 1940 1374 1003 1605 1156 1627 1837 1914 1777 1030 1952 2000 1823 1982 1206 1180 1867 1156 1694 1404 1860 1088 1906 1112 1851 BCNSPRNW ULIB Ver.6.0+V

เปลี่ยนเป็นภาษาไทย

Change to English
 แสดงรายละเอียดบรรณานุกรม
  กลับหน้าหลัก

Brief Record : Get Marc (ISO 2709) : E-mail record : QR code < ปิดหน้าต่าง
LEADER : 00000nam 22004578a 4500
001    13399114492
003     ULIB
008    110822s2012 us b 001 0 eng d
020    ^a9780323069434
020    ^a0323069436
060 04 ^aWY161^bA189
245 00 ^aAcute & chronic wounds :^bcurrent management concepts /^ceditor by Bryant, Ruth A and Nix, Denise P.
246 1  ^aAcute and chronic wounds
250    ^a4th ed.
260    ^aSt. Louis :^bElsevier Mosby,^cc2012
300    ^axix, 627 p., [20] p. of plates :^bill. (some col.) ;^c28
500    ^aRev. ed. of: Acute and chronic wounds / [edited by] Ruth
500    ^aSend to Single Search
504    ^aIncludes bibliographical references and index
650  2 ^aWounds and Injuries^xnursing
650  2 ^aEnterostomy^xnursing
650  2 ^aPatient Care Planning
650  2 ^aWound Healing
700 1  ^aBryant, Ruth A.,^eed.
700 1  ^aNix, Denise P.,^eed.
730 0  ^aAcute and chronic wounds
945    ^p0^l0^i031614
995    ^a Kesorn
999 ^a ใช้งานได้ทุกระบบ
รายการนี้ยังไม่มีแท็ก
คุณยังไม่ได้ล็อกอิน คุณสามารถมีกิจกรรมร่วมกับเว็บไซต์ได้ แต่ต้องล็อกอินก่อน ::
  ล็อกอิน

รายการสื่อสารสนเทศ

ลำดับที่ ประเภท เลขเรียก/บาร์โค้ด สถานที่ สถานะ
- ไม่พบข้อมูล -

รายการใกล้เคียง
    หัวเรื่อง [Patient Care Planning]
    หัวเรื่อง [Wound Healing]

BibComment


ยังไม่เคยถูกคอมเมนท์

คอมเมนท์ทรัพยากรรายการนี้
  คอมเมนท์: Acute chronic w..


 Copyright 2026. Bcnsprnw @Library